Problems involved in the manufacture of quality crepe rubber in Sri Lanka (Record no. 65726)

MARC details
000 -LEADER
fixed length control field 00440nam a2200133Ia 4500
100 ## - MAIN ENTRY--AUTHOR NAME
Personal name Goonetileka M D R J
245 #0 - TITLE STATEMENT
Title Problems involved in the manufacture of quality crepe rubber in Sri Lanka
260 ## - PUBLICATION, DISTRIBUTION, ETC. (IMPRINT)
Name of publisher Proceedings of the International Rubber Conference, Colombo, 1984, V2. Part 1; p65-70
650 ## - SUBJECT ADDED ENTRY--TOPICAL TERM
Topical Term Crepe rubber
650 ## - SUBJECT ADDED ENTRY--TOPICAL TERM
Topical Term Sri Lanka
700 ## - ADDED ENTRY--PERSONAL NAME
Personal name Weerasinghe S
942 ## - ADDED ENTRY ELEMENTS (KOHA)
Koha item type Journals
Holdings
Withdrawn status Lost status Damaged status Not for loan Home library Current library Shelving location Date acquired Koha item type
      Journals RRII Library RRII Library Rubber chemistry 17/12/2021 Journals